000 00652nam a22002177a 4500
999 _c8423
_d8423
003 GBCCL
005 20241126110650.0
008 210216b ||||| |||| 00| 0 eng d
020 _a0785252010
020 _a9780785252016
040 _cgbc
082 _a220.3
_bSMI
100 _a Smith, William
_911934
245 _aA dictionary of the Bible /
_cby William Smith ; revised and edited by F.N. and M.A. Peloubet.
246 _aSmith's Bible dictionary
260 _a[Nashville, Tenn.] :
_bThomas Nelson,
_c1986
300 _avii, 770 p. :
_bill. ;
_c21 cm.
650 _aBible
_vDictionaries.
_914751
650 _aBible.
_95
942 _2ddc
_cBK